Accounting and finance /

Bibliographic Details
Main Author: Brownell, Leon Edward, 1894-
Format: Book
Language:English
Published: New York : London : J. Wiley & Sons, inc.; Chapman & Hall, limited, 1929.
Series:Wiley accounting series.
Subjects:

MARC

Tag First Indicator Second Indicator Subfields
LEADER 00000cam a2200000 4500
001 in00000214863
005 20151009060615.0
008 790815s1929 nyu 00110 engm
010 |a  29005487  
035 |a (OCoLC)05274111 
035 |9 AAX4044AM 
040 |a DLC  |c VVB  |d VVB  |d TXA  |d UtOrBLW 
049 |a TXAM  |c [263039] 
050 0 0 |a HF5635  |b .B885 
100 1 |a Brownell, Leon Edward,  |d 1894- 
245 1 0 |a Accounting and finance /  |c by Leon E. Brownell. 
264 1 |a New York :  |b J. Wiley & Sons, inc.;  |a London :  |b Chapman & Hall, limited,  |c 1929. 
300 |a xi, 244 pages ;  |c 24 cm. 
336 |a text  |b txt  |2 rdacontent 
337 |a unmediated  |b n  |2 rdamedia 
338 |a volume  |b nc  |2 rdacarrier 
490 1 |a Wiley accounting series 
650 0 |a Accounting. 
650 0 |a Accounting  |v Problems, exercises, etc. 
830 0 |a Wiley accounting series. 
999 |a MARS 
999 f f |s 031c4387-8411-34a9-9205-43e9462c2c2c  |i 2a9f180c-e32a-36fc-9c46-5d9cf0bff022  |t 0 
952 f f |p ric  |a Texas A&M University  |b Rellis Campus  |c Joint Library Facility  |d Remote Storage  |t 0  |e HF5635 .B885  |h Library of Congress classification  |i unmediated -- volume  |m A14802832557 
998 f f |a HF5635 .B885  |t 0  |l Remote Storage